logo

Bir Sreshtho Munshi Abdur Rouf Library
Jhenaidah Cadet College

Converting water into wealth : (Record no. 8570)

MARC details
000 -LEADER
fixed length control field 01220nam a2200313 a 4500
001 - CONTROL NUMBER
JCCL Control Number 8570
003 - CONTROL NUMBER IDENTIFIER
JCCL marc code BD-JhCC
005 - DATE AND TIME OF LATEST TRANSACTION
control field 20180922132424.0
008 - FIXED-LENGTH DATA ELEMENTS--GENERAL INFORMATION
fixed length control field 940609s1994 ii b 001 0 eng
020 ## - INTERNATIONAL STANDARD BOOK NUMBER
International Standard Book Number 8122003648 :
Terms of availability Rs200.00
035 ## - SYSTEM CONTROL NUMBER
system control number (BD-JhCC)8570
040 ## - CATALOGING SOURCE
Original cataloging agency DLC
Transcribing agency DLC
Modifying agency BD-JhCC
041 ## - LANGUAGE CODE
Language code of Book eng
050 00 - LIBRARY OF CONGRESS CALL NUMBER
Classification number HT395.S66
Item number C66 1994
082 ## - DEWEY DECIMAL CLASSIFICATION NUMBER
Author mark and Year CON 1994
Classification number 331.9162
245 00 - TITLE STATEMENT
Title Converting water into wealth :
Remainder of title regional cooperation in harnessing the eastern Himalayan rivers /
Statement of responsibility, etc edited by B.G. Varghese ... [et al.].
260 ## - PUBLICATION, DISTRIBUTION, ETC. (IMPRINT)
Place of publication, distribution, etc Delhi :
Name of publisher, distributor, etc Konark Publishers,
Date of publication, distribution, etc 1994.
300 ## - PHYSICAL DESCRIPTION
Pagination xx, 137 p. ;
Dimensions 23 cm.
500 ## - GENERAL NOTE
General note "Under the auspices of Centre for Policy Research, New Delhi, Bangladesh Unnayan Parishad, Dhaka, Institute for Integrated Development Studies, Kathmandu."
504 ## - BIBLIOGRAPHY, ETC. NOTE
Bibliography, etc Includes bibliographical references (p. [133]-134) and index.
650 #0 - SUBJECT ADDED ENTRY--TOPICAL TERM
Topical term or geographic name as entry element Regional planning
Geographic subdivision South Asia.
650 #0 - SUBJECT ADDED ENTRY--TOPICAL TERM
Topical term or geographic name as entry element Rivers
Geographic subdivision Himalaya Mountains Region.
700 1# - ADDED ENTRY--PERSONAL NAME
Personal name Verghese, B. G.
710 2# - ADDED ENTRY--CORPORATE NAME
Corporate name or jurisdiction name as entry element Centre for Policy Research (New Delhi, India)
710 2# - ADDED ENTRY--CORPORATE NAME
Corporate name or jurisdiction name as entry element Bangladesh Unnayan Parishad.
710 2# - ADDED ENTRY--CORPORATE NAME
Corporate name or jurisdiction name as entry element Institute for Integrated Development Studies (Kathmandu, Nepal)
942 ## - ADDED ENTRY ELEMENTS (KOHA)
Source of classification or shelving scheme Dewey Decimal Classification
Koha item type Books
Holdings
Source of classification or shelving scheme Damaged status Not for loan Home library Current library Shelving location Total Checkouts Full call number Barcode Date last seen Copy number Koha item type
Dewey Decimal Classification     JCC Rouf Library JCC Rouf Library General Stacks   331.9162 CON 1994 11354 02/27/2018 C - 1 Books

JCC Library | Contacts | JCC Home

Last Update on 23 September 2017
Copyright @ 2017-2020 JCC Rouf Library
Rouf Library, Jhenidah Cadet College (JCC), Bangladesh